00396 2200157 4500001002100000008004100021035002000062245004400082100002300126250000600149260003500155084001400190082000800204650001400212990001200226INLIS000000000001551 ind  a0010-0125000049 aKamus Istilah DramacDrs. Muh. Konsudir aDrs. Muh. Konsudir a1 aSolo :bYayasan Adhigamac1995 a413 KON k a413 aReferensi a0715300